[Event "GER Seniors Derby 13th"]
[Site "Wesel Undeloh"]
[Date "2014.05.11"]
[Round "9"]
[White "Homann, Ludger"]
[Black "Siemer, Arno"]
[Result "1/2-1/2"]
[WhiteElo "1564"]
[BlackElo "1638"]
[PlyCount "43"]
[EventDate "2014.05.07"]
[EventType "swiss"]
[EventRounds "9"]
[EventCountry "GER"]
[SourceTitle "EXT 2018"]
[Source "ChessBase"]
[SourceDate "2017.10.13"]
[SourceVersion "1"]
[SourceVersionDate "2017.10.13"]
[SourceQuality "1"]

1. e4 d5 2. exd5 Nf6 3. Nc3 Nxd5 4. Nxd5 Qxd5 5. Nf3 e5 6. d3 Bd6 7. Be2 Nc6 8. c3 Bd7 9. 0-0 0-0 10. Be3 Rad8 11. a3 a6 12. Qc2 Bf5 13. Rad1 Qe6 14. Ng5 Qg6 15. g4 Bxg4 16. Bxg4 h6 17. Kh1 hxg5 18. f3 f5 19. Bh3 Qh5 20. Qg2 Be7 21. Rg1 f4 22. Bc1 1/2-1/2

[Event "GER Seniors Derby 13th"]
[Site "Wesel Undeloh"]
[Date "2014.05.09"]
[Round "6"]
[White "Homann, Ludger"]
[Black "Klesse, Alfred"]
[Result "1/2-1/2"]
[WhiteElo "1564"]
[BlackElo "1887"]
[PlyCount "51"]
[EventDate "2014.05.07"]
[EventType "swiss"]
[EventRounds "9"]
[EventCountry "GER"]
[SourceTitle "EXT 2018"]
[Source "ChessBase"]
[SourceDate "2017.10.13"]
[SourceVersion "1"]
[SourceVersionDate "2017.10.13"]
[SourceQuality "1"]

1. e4 c5 2. Nf3 d6 3. d4 cxd4 4. Nxd4 a6 5. Nc3 e6 6. Bd3 Nf6 7. 0-0 Nbd7 8. Nf3 b5 9. a3 Bb7 10. Bg5 Be7 11. h3 h6 12. Be3 Rc8 13. Nd2 d5 14. exd5 Nxd5 15. Nxd5 Bxd5 16. Be4 Nf6 17. Bxd5 Qxd5 18. c3 0-0 19. Nf3 Rfd8 20. Qxd5 Rxd5 21. Rad1 Rcd8 22. Rxd5 Rxd5 23. Rc1 Bc5 24. Bxc5 Rxc5 25. Rd1 Rd5 26. Rxd5 1/2-1/2

[Event "Muenster Bezirksliga 0607"]
[Site "Germany"]
[Date "2006.11.25"]
[Round "3.23"]
[White "Stephan, Matthias"]
[Black "Homann, Ludger"]
[Result "0-1"]
[WhiteElo "1633"]
[BlackElo "1585"]
[PlyCount "70"]
[EventDate "2006.09.16"]
[EventType "team"]
[EventRounds "9"]
[EventCountry "GER"]
[SourceTitle "EXT 2008"]
[Source "ChessBase"]
[SourceDate "2007.11.25"]
[SourceVersion "1"]
[SourceVersionDate "2007.11.25"]
[SourceQuality "1"]
[WhiteTeam "Telgte II"]
[BlackTeam "Nienberge II"]
[WhiteTeamCountry "GER"]
[BlackTeamCountry "GER"]

1. e4 d6 2. d4 Nf6 3. Bd3 g6 4. Ne2 Bg7 5. 0-0 0-0 6. c3 Nbd7 7. f4 e5 8. f5 exd4 9. cxd4 c6 10. Qb3 Kh8 11. Bf4 Qe7 12. Nbc3 Nh5 13. Be3 a6 14. Nf4 Nxf4 15. Rxf4 gxf5 16. Raf1 Nf6 17. Bf2 Ng4 18. Qc2 fxe4 19. Rxe4 Qg5 20. Be2 d5 21. h4 Qg6 22. Bxg4 dxe4 23. Bd1 f5 24. Be3 Qd6 25. Qd2 Be6 26. Kh1 Rad8 27. Ne2 Bc4 28. Bf4 Qd7 29. Bg5 Rde8 30. Qb4 Bxe2 31. Bxe2 Bxd4 32. Bh5 c5 33. Qd2 Rc8 34. Bh6 Qe7 35. Bxf8 Qxh4# 0-1